Welcome to WEB OPAC of MRSPTU Central Library

A textbook of power plant engineering (Record no. 2627)

MARC details
000 -LEADER
fixed length control field 00363nam a2200145Ia 4500
008 - FIXED-LENGTH DATA ELEMENTS--GENERAL INFORMATION
fixed length control field 230711s9999||||xx |||||||||||||| ||und||
041 ## - LANGUAGE CODE
Language code of text/sound track or separate title ENG
082 ## - DEWEY DECIMAL CLASSIFICATION NUMBER
Classification number 624
Item number SH-P
100 ## - MAIN ENTRY--PERSONAL NAME
Personal name Sharma,P.C
245 #2 - TITLE STATEMENT
Title A textbook of power plant engineering
250 ## - EDITION STATEMENT
Edition statement 5th
260 ## - PUBLICATION, DISTRIBUTION, ETC.
Date of publication, distribution, etc. 1994
Place of publication, distribution, etc. New Delhi
Name of publisher, distributor, etc. S.K Kataria & Sons
650 ## - SUBJECT ADDED ENTRY--TOPICAL TERM
Topical term or geographic name entry element Electrical Engineering
942 ## - ADDED ENTRY ELEMENTS (KOHA)
Koha item type Book
Holdings
Withdrawn status Lost status Damaged status Not for loan Collection Home library Current library Date acquired Total checkouts Full call number Barcode Date last seen Date last checked out Price effective from Koha item type
          MRSPTU Central Library MRSPTU Central Library   1 624 SH-P 9932 02/23/2026 02/19/2026 08/17/2023 Book
          MRSPTU Central Library MRSPTU Central Library     624 SH-P 9933 08/17/2023   08/17/2023 Book
          MRSPTU Central Library MRSPTU Central Library     624 SH-P 9934 08/17/2023   08/17/2023 Book
          MRSPTU Central Library MRSPTU Central Library     624 SH-P 9935 08/17/2023   08/17/2023 Book
          MRSPTU Central Library MRSPTU Central Library     624 SH-P 9936 08/17/2023   08/17/2023 Book
          MRSPTU Central Library MRSPTU Central Library     624 SH-P 9947 08/17/2023   08/17/2023 Book
          MRSPTU Central Library MRSPTU Central Library     624 SH-P 9948 08/17/2023   08/17/2023 Book
          MRSPTU Central Library MRSPTU Central Library     624 SH-P 9949 08/17/2023   08/17/2023 Book
          MRSPTU Central Library MRSPTU Central Library     624 SH-P 9950 08/17/2023   08/17/2023 Book
          MRSPTU Central Library MRSPTU Central Library     624 SH-P 9951 08/17/2023   08/17/2023 Book
          MRSPTU Central Library MRSPTU Central Library     624 SH-P 9952 08/17/2023   08/17/2023 Book
          MRSPTU Central Library MRSPTU Central Library     624 SH-P 9953 08/17/2023   08/17/2023 Book
          MRSPTU Central Library MRSPTU Central Library     624 SH-P 9954 08/17/2023   08/17/2023 Book
          MRSPTU Central Library MRSPTU Central Library     624 SH-P 9955 08/17/2023   08/17/2023 Book
          MRSPTU Central Library MRSPTU Central Library     624 SH-P 9956 08/17/2023   08/17/2023 Book

Website Designed and Developed by MRSPTU Central Library Team

E-mail Id: librarian@mrsptu.ac.in